000 00633nam a2200241Ia 4500
003 OSt
005 20221007100927.0
006 a|||||r|||| 00| 0
007 ta
008 221006b |||||||| |||| 00| 0 eng d
024 _a5,463
037 _cTextual
040 _aLCO
_cLCO
_beng
041 _2eng
_aeng
082 _ax:9GqN70, L2; 1
100 _aBHONSLE Y B
245 0 _aContract Labour Act, 1970
260 _aNew
_bDelhi S. Chand & Co.
_c1972
300 _a190
650 _aCONTRACT ACT
_9424981
942 _hx:9GqN70, L2; 1
_cTEXL
999 _c1175026
_d1175026